| 000 | 00662nam a2200217Ia 4500 | ||
|---|---|---|---|
| 003 | OSt | ||
| 005 | 20221007082130.0 | ||
| 006 | a|||||r|||| 00| 0 | ||
| 007 | ta | ||
| 008 | 221006b |||||||| |||| 00| 0 eng d | ||
| 024 | _a25,842 | ||
| 037 | _cTextual | ||
| 040 |
_aFLL _cFLL _beng |
||
| 041 |
_2eng _aeng |
||
| 082 | _aZ1:C2:46qN07, E5 | ||
| 245 | 0 | _aHague convention (XI) of 1907 relative to certain restrictions with regard to the exercise of the right of capture in Naval war | |
| 260 |
_aWashington _bThe Endowment U.S.A. _c1915 |
||
| 300 |
_a1-6p _ccm. |
||
| 942 |
_hZ1:C2:46qN07, E5 _cTEXL _2CC |
||
| 999 |
_c1165421 _d1165421 |
||